| 000 | 00412nam a2200157Ia 4500 | ||
|---|---|---|---|
| 008 | 230312s9999||||xx |||||||||||||| ||und|| | ||
| 020 | _a0-425-13083-5 | ||
| 082 |
_a658.3112 _bTUC-M |
||
| 100 | _aRobert B. Tucker | ||
| 245 | 0 | _aManaging the Future | |
| 260 |
_bBERKLEY BOOKS _aNew York _c1991 |
||
| 300 | _a209 | ||
| 546 | _aEng. | ||
| 650 |
_aManagement _vHow to profit from change , Lifestyle |
||
| 942 | _cBK | ||
| 999 |
_c560 _d560 |
||